Normal view
MARC view
- Slone, John.P
Entry Personal Name
001 - CONTROL NUMBER
- control field: 78457
003 - CONTROL NUMBER IDENTIFIER
- control field: NUST
005 - DATE AND TIME OF LATEST TRANSACTION
- control field: 20210628210207.0
008 - FIXED-LENGTH DATA ELEMENTS
- fixed length control field: 210628|| aca||aabn | a|a d
040 ## - CATALOGING SOURCE
- Original cataloging agency: NUST
- Transcribing agency: NUST
100 ## - HEADING--PERSONAL NAME
- Personal name: Slone, John.P
670 ## - SOURCE DATA FOUND
- Source citation: Work cat.: (NUST): Slone, John.P, Handbook of local area networks, 1999
